UM Logo

Tracer study of BTTE-FSM graduates from 2014-2017 / (Record no. 13860)

MARC details
000 -LEADER
fixed length control field 00505nam a22001457a 4500
008 - FIXED-LENGTH DATA ELEMENTS--GENERAL INFORMATION
fixed length control field 190426b ||||| |||| 00| 0 eng d
082 ## - DEWEY DECIMAL CLASSIFICATION NUMBER
Edition number 2019
Classification number UT 1251
Item number Su24
100 ## - MAIN ENTRY--PERSONAL NAME
Personal name Suerte, Anthony A.
9 (RLIN) 38566
245 ## - TITLE STATEMENT
Title Tracer study of BTTE-FSM graduates from 2014-2017 /
Statement of responsibility, etc. Anthony A. Suerte and Karen L. Cernal.
260 ## - PUBLICATION, DISTRIBUTION, ETC. (IMPRINT)
Place of publication, distribution, etc. Digos City:
Name of publisher, distributor, etc. UMDC
Date of publication, distribution, etc. March 2019.
300 ## - PHYSICAL DESCRIPTION
Extent 56 pages;
Dimensions 29 cm.
650 ## - SUBJECT ADDED ENTRY--TOPICAL TERM
Topical term or geographic name as entry element Technical Education
General subdivision Undergraduate thesis.
9 (RLIN) 38567
700 ## - ADDED ENTRY--PERSONAL NAME
Personal name Cernal, Karen L.
9 (RLIN) 38568
942 ## - ADDED ENTRY ELEMENTS (KOHA)
Source of classification or shelving scheme Dewey Decimal Classification
Koha item type Undergraduate Thesis
Holdings
Withdrawn status Lost status Source of classification or shelving scheme Damaged status Not for loan Home library Current library Date acquired Total Checkouts Full call number Barcode Date last seen Copy number Price effective from Koha item type
    Dewey Decimal Classification     UM Digos College - LIC UM Digos College - LIC 03/26/2019   UT 1251 Su24 2019 UT1251 04/26/2019 1 04/26/2019 Undergraduate Thesis